Флаги стран Европы - Statistics

General Stats
  • This quiz has been taken 5 times
    2 since last reset
  • The average score is 19 of 37
Answer Stats
Picture Answer % Correct
Белару́сь (Респу́блика Белару́сь)
100%
Великобрита́ния (Соединённое Короле́вство Великобрита́нии и Се́верной Ирла́ндии)
100%
Герма́ния (Федерати́вная Респу́блика Герма́ния)
100%
Гре́ция (Гре́ческая Респу́блика)
100%
Ита́лия (Италья́нская Респу́блика)
100%
Норве́гия (Короле́вство Норве́гия)
100%
А́встрия (Австри́йская Респу́блика)
50%
Бе́льгия (Короле́вство Бе́льгия)
50%
Болга́рия (Респу́блика Болга́рия)
50%
Ве́нгрия
50%
Да́ния (Короле́вство Да́ния)
50%
Ирла́ндия (Респу́блика Ирла́ндия)
50%
Исла́ндия
50%
Испа́ния (Короле́вство Испа́ния)
50%
Ла́твия (Латви́йская Респу́блика)
50%
Литва́ (Лито́вская Респу́блика)
50%
Лихтенште́йн (Кня́жество Лихтенште́йн)
50%
Люксембу́рг (Вели́кое Ге́рцогство Люксембу́рг)
50%
Ма́льта (Респу́блика Ма́льта)
50%
Молдо́ва (Респу́блика Молдо́ва)
50%
Мона́ко (Кня́жество Мона́ко)
50%
Нидерла́нды (Короле́вство Нидерла́ндов)
50%
По́льша (Респу́блика По́льша)
50%
Португа́лия (Португа́льская Респу́блика)
50%
Румы́ния
50%
Слове́ния (Респу́блика Слове́ния)
50%
Украи́на
50%
Финля́ндия (Финля́ндская Респу́блика)
50%
Фра́нция (Францу́зская Респу́блика)
50%
Швейца́рия (Швейца́рская Конфедера́ция)
50%
Шве́ция (Короле́вство Шве́ция)
50%
Се́верная Македо́ния (Респу́блика Се́верная Македо́ния)
0%
Се́рбия (Респу́блика Се́рбия)
0%
Слова́кия (Слова́цкая Респу́блика)
0%
Хорва́тия (Респу́блика Хорва́тия)
0%
Че́хия (Че́шская Респу́блика)
0%
Эсто́ния (Эсто́нская Респу́блика)
0%
No matching quizzes found
Score Distribution
Percent of People with Each Score
Percentile by Number Answered
Your Score History
You have not taken this quiz since the last reset